000 00631nam a22001817a 4500
005 20241025182411.0
008 241025b |||||||| |||| 00| 0 eng d
020 _a9788125931249
_qPaperback
050 _aKNS856
_b.K95
100 _aKuchhal, M. C.
245 _aMercantile Law
_bFor B.Com. (Hons.), M.Com, CA, ICWA, CS, BBA, MBA,LL.B, Banking and Competitive Examinations
_cM C Kuchhal
250 _aSeventh Revised Ed.
260 _aNew Delhi; India.
_bVikas Publishing House PVT Ltd
300 _axxxi, 680 pages
_bIndex
_c21cm
650 _2Contract
_aIndia
_vMercantile
650 _2Commerce and Law
_aIndia
942 _2lcc
_cBK
_n0
999 _c221
_d221